Markets (Record no. 83530)
[ view plain ]
| 000 -LEADER | |
|---|---|
| fixed length control field | 00772cab a22001935a 4500 |
| 001 - CONTROL NUMBER | |
| control field | L154201 |
| 008 - FIXED-LENGTH DATA ELEMENTS--GENERAL INFORMATION | |
| fixed length control field | 111031e20111028xxk 000 0 eng d |
| 035 ## - SYSTEM CONTROL NUMBER | |
| System control number | (Sirsi) u154201 |
| 041 0# - LANGUAGE CODE | |
| Language code of text/sound track or separate title | eng |
| 100 1# - MAIN ENTRY--PERSONAL NAME | |
| Personal name | Stewart, Sarah |
| 245 00 - TITLE STATEMENT | |
| Title | Markets |
| Remainder of title | Essex |
| 260 ## - PUBLICATION, DISTRIBUTION, ETC. | |
| Date of publication, distribution, etc. | 2011 |
| 490 #0 - SERIES STATEMENT | |
| Series statement | Property Week |
| Volume/sequential designation | 77(43) 28 October 2011, 44-46(3) |
| 520 ## - SUMMARY, ETC. | |
| Summary, etc. | Essex shopping centres Liberty in Romford, Lakeside at Thurrock and Chelmsford high street have been affected by the recession and competition from Westfield Stratford City. DP World is in the process of negotating with two companies to let shed space at London Gateway Logistics Park in Thurrock. |
| 590 ## - LOCAL NOTE (RLIN) | |
| Local note | KA |
| 651 #4 - SUBJECT ADDED ENTRY--GEOGRAPHIC NAME | |
| Geographic name | Essex |
| 690 ## - LOCAL SUBJECT ADDED ENTRY--TOPICAL TERM (OCLC, RLIN) | |
| Topical term or geographic name as entry element | PROPERTY-COMMERCIAL PROPERTY-COMMERCIAL PROPERTY MARKET |
| 942 ## - ADDED ENTRY ELEMENTS (KOHA) | |
| Suppress in OPAC | 0 |
| Withdrawn status | Lost status | Source of classification or shelving scheme | Damaged status | Not for loan | Home library | Current library | Shelving location | Date acquired | Total Checkouts | Full call number | Barcode | Date last seen | Copy number | Price effective from | Koha item type |
|---|---|---|---|---|---|---|---|---|---|---|---|---|---|---|---|
| Dewey Decimal Classification | London | London | Journal article | 31/10/2011 | L154201 | 154201-1001 | 06/08/2019 | 1 | 06/08/2019 | Journal article |